Top 10 youngest countries in the world! - Statistics

General Stats
  • This quiz has been taken 34 times
  • The average score is 6 of 10
Answer Stats
Year Country % Correct
2011 South Sudan
100%
2008 Kosovo
91%
2002 East Timor|Timor-Leste
70%
2006 Montenegro
70%
2006 Serbia
70%
1993 Eritrea
48%
1986 Marshall Islands
33%
1994 Palau
33%
2012 Palestine
30%
1986 Micronesia
27%
No matching quizzes found
Score Distribution
Percent of People with Each Score
Percentile by Number Answered
Your Score History
You have not taken this quiz